Statystyki dla Państwa z ludnością poniżej 1 miliona z podpowiedziami

Kliknij tutaj aby rozwiązać quiz!

Ogólne statystyki

  • Ten quiz został rozwiązany 154 razy
    (130 od ostatniego zresetowania)
  • Średni wynik to 23 z 39

Statystyki odpowiedzi

PopulacjaWskazówkaPaństwa% Poprawnych
800Dom do Bazyliki Świętego PiotraWatykan
96%
39,240Znany jako "Plac zabaw miliarderów"Monako
86%
33,930Podaje się za najstarszą republikę na świecie, założoną w 301 rSan Marino
83%
625,978Siedziba najwyższego sądu w Unii EuropejskiejLuksemburg
79%
38,120Jeden z dwóch krajów o podwójnym braku dostępu do morzaLiechtenstein
77%
77,265Przewodzeni przez dwóch współ książąt, z których jednym jest Prezydent FrancjiAndora
73%
896,445Jest jednym krajem w Oceanii zaczynającym się na literę "F"Fidżi
71%
10,82061% dorosłych jest otyłych, co stanowi najwyższy wskaźnik na świecieNauru
69%
59,190Kraj, którego częścią jest Atol BikiniWyspy Marshalla
65%
441,543Naziści próbowali, ale bezskutecznie, zabrać te wyspy Brytyjczykom podczas II wojny światowejMalta
63%
18,090Dom do Jellyfish Lake, gdzie meduzy ewoluowały, aby stracić żądłoPalau
63%
393,244Kraj najbliższy FlorydzieBahamy
62%
115,023Składa się z 607 wysp o łącznej powierzchni zaledwie 702 kilometrów kwadratowychMikronezja
62%
53,190Najmniejszy kraj na KaraibachSaint Kitts i Nevis
61%
11,790Dawniej znane jako wyspy ElliceTuvalu
61%
686,884Gdzie bitwa pod Guadalcanal miała miejsce w 1942 i 1943 rWyspy Salomona
61%
119,449Jego największą wyspą jest Wyspa Bożego NarodzeniaKiribati
58%
183,627Jedyna wyspa na świecie, która zawiera wulkan wjazdowySaint Lucia
58%
307,145Na archipelagu melanezyjskim mówi się 117 różnymi językamiVanuatu
58%
287,375Znany jako „Kraina Latających Ryb”Barbados
57%
341,243Znany jako „Kraina ognia i lodu”Islandia
57%
110,940Jego stolicą jest KingstownSaint Vincent i Grenadyny
57%
71,980Dom na drugim co do wielkości gorącym źródle na świecie, zwanym Boiling LakeDominika
56%
219,159Consists of two islands in the Gulf of GuineaWyspy Świętego Tomasza i Ksiazeca
55%
97,929Dwie główne wyspy to po hiszpańsku „starożytny” i „brodaty”Antigua i Barbuda
54%
437,479Jeden z dwóch krajów rządzonych przez sułtanaBrunei
54%
540,544Ma średnią wysokość zaledwie 1,5 metra, najniższą na świecieMalediwy
54%
555,987Bezludny, dopóki nie osiedlili się w Portugalii w 1400 rokuRepublika Zielonego Przylądka
54%
98,347The richest country in AfricaSeszele
54%
586,632Najmniejszy niezależny kraj w Ameryce PołudniowejSurinam
54%
105,695Ma przydomek „The Friendly Islands”, nazwany przez kapitana Jamesa CookaTonga
54%
786,552Jedyny anglojęzyczny kraj Ameryki PołudniowejGujana
53%
869,601Wielu jego mieszkańców ucieka na pobliską francuską wyspę - MajottaKomory
53%
198,414Znany jako „Cradle of Polynesia”Samoa
50%
112,523Znany jako „wyspa przypraw karaibskich”Grenada
46%
771,608Dom najwyższej najwyższej góry bez wspinaczki na świecieBhutan
43%
988,000Używany jako baza antyterrorystyczna i powstrzymująca piractwo w Morzu CzerwonymDżibuti
41%
628,066Nazwa w języku hiszpańskim oznacza „Czarna Góra”.Czarnogóra
40%
397,628„Blue Hole” to popularne miejsce do nurkowania u wybrzeży tego krajuBelize
37%

Rozkład punktacji

Percentyl według liczby udzielonych odpowiedzi

Procent ludzi z każdym wynikiem

Twoja historia wyników

Nie rozwiązałeś tego quizu od ostatniego zresetowania